000 00307nam a22001337a 4500
020 _a81-7573-575-9
082 _a920
_bSIN/G
100 _aSINHA,PUSHPA
245 _a101 GREAT INDIANS
260 _aINDIA
_bTINY TOT PUBLICATIONS
_c2010
300 _a232
650 _a ABOUT GREAT INDIANS
_zINDIA
942 _cBK
999 _c6366
_d6366